Memory efficient regular expression search for deep packet inspection (Record no. 13154)
[ view plain ]
| 000 -LEADER | |
|---|---|
| fixed length control field | 00482nam a22001337a 4500 |
| 082 ## - DEWEY DECIMAL CLASSIFICATION NUMBER | |
| Classification number | MSEE-4 |
| 100 ## - MAIN ENTRY--PERSONAL NAME | |
| Personal name | Maleeha Najam |
| 9 (RLIN) | 92979 |
| 245 ## - TITLE STATEMENT | |
| Title | Memory efficient regular expression search for deep packet inspection |
| 260 ## - PUBLICATION, DISTRIBUTION, ETC. | |
| Place of publication, distribution, etc. | Islamabad |
| Name of publisher, distributor, etc. | NUST-SEECS |
| Date of publication, distribution, etc. | 2014 |
| 300 ## - PHYSICAL DESCRIPTION | |
| Extent | 44 |
| Other physical details | 27cm.+ |
| Accompanying material | CD-ROM |
| 500 ## - GENERAL NOTE | |
| General note | Supervisors: Dr. Usman Younis, Dr. Adnan Khalid Kiani, Dr. Raihan ur Rasool, Dr. Rizwan Ahmad |
| 856 ## - ELECTRONIC LOCATION AND ACCESS | |
| Uniform Resource Identifier | <a href="http://10.250.8.41:8080/xmlui/handle/123456789/8909">http://10.250.8.41:8080/xmlui/handle/123456789/8909</a> |
| 942 ## - ADDED ENTRY ELEMENTS (KOHA) | |
| Koha item type | Project Report |
| Source of classification or shelving scheme | |
| Withdrawn status | Lost status | Damaged status | Not for loan | Collection code | Permanent Location | Current Location | Shelving location | Date acquired | Total Checkouts | Full call number | Barcode | Date last seen | Price effective from | Koha item type | Source of classification or shelving scheme |
|---|---|---|---|---|---|---|---|---|---|---|---|---|---|---|---|
| Central Library (CL) | Central Library (CL) | General Stacks | 04/17/2015 | MSEE-4 Mal | SEECSP01637 | 04/15/2015 | 04/15/2015 | Project Report | |||||||
| Central Library (CL) | Central Library (CL) | Thesis | 12/11/2019 | 621.3MSEE-4 | CL-T-4197 | 12/11/2019 | 12/11/2019 | Thesis |
